Dubai real estate market overview (Record no. 83960)

MARC details
000 -LEADER
fixed length control field 01544cad a22002295a 4500
001 - CONTROL NUMBER
control field L156171
008 - FIXED-LENGTH DATA ELEMENTS--GENERAL INFORMATION
fixed length control field 120502s2012 xxk 000 0 eng d
035 ## - SYSTEM CONTROL NUMBER
System control number (Sirsi) u156171
041 0# - LANGUAGE CODE
Language code of text/sound track or separate title eng
110 2# - MAIN ENTRY--CORPORATE NAME
Corporate name or jurisdiction name as entry element Jones Lang LaSalle
9 (RLIN) 3755
245 00 - TITLE STATEMENT
Title Dubai real estate market overview
Remainder of title Q1 2012
Medium [electronic resource]
260 ## - PUBLICATION, DISTRIBUTION, ETC.
Place of publication, distribution, etc. [S.l.]
Name of publisher, distributor, etc. JLL
Date of publication, distribution, etc. 2012
490 #0 - SERIES STATEMENT
Series statement Jones Lang LaSalle Dubai Real Estate Market Overview
520 ## - SUMMARY, ETC.
Summary, etc. The Dubai investment market continues to witness strong interest for high quality, well located, income producing assets. Only limited new office supply entered the market in Q1 2012 and therefore prime office asking rents remained flat. The residential market is seeing a positive trend with the villa market outperforming the apartment sector. Residential property in secondary locations is still suffering rental and pricing declines. Retail rents remained stable due to buoyant demand and limited supply entering market. The recovery of the hotel sector in 2011 continued in Q1 2012.
520 ## - SUMMARY, ETC.
Summary, etc. Market highlights ? Talking points- Dubai prime rental clock Q1 2011 ? Q1 2012 ? Dubai office market overview - Dubai residential overview - Dubai retail market overview - Dubai hotel market overview ? Definitions and methodology.
590 ## - LOCAL NOTE (RLIN)
Local note KA
651 #4 - SUBJECT ADDED ENTRY--GEOGRAPHIC NAME
Geographic name Dubai
690 ## - LOCAL SUBJECT ADDED ENTRY--TOPICAL TERM (OCLC, RLIN)
Topical term or geographic name as entry element Commercial property
9 (RLIN) 6227
690 ## - LOCAL SUBJECT ADDED ENTRY--TOPICAL TERM (OCLC, RLIN)
Topical term or geographic name as entry element Residential property
9 (RLIN) 6266
856 40 - ELECTRONIC LOCATION AND ACCESS
Uniform Resource Identifier <a href="https://www.joneslanglasalle-mena.com/MENA/EN-GB/Pages/ResearchFilter.aspx">https://www.joneslanglasalle-mena.com/MENA/EN-GB/Pages/ResearchFilter.aspx</a>
Public note View the report at www.joneslanglasalle-mena.com
942 ## - ADDED ENTRY ELEMENTS (KOHA)
Suppress in OPAC 0
Holdings
Withdrawn status Lost status Source of classification or shelving scheme Damaged status Not for loan Home library Current library Shelving location Date acquired Total Checkouts Full call number Barcode Date last seen Copy number Price effective from Koha item type
    Dewey Decimal Classification     Virtual Virtual Online 02/05/2012   ONLINE PUBLICATION 156171-2001 06/08/2019 1 06/08/2019 Book